000 02585nam a2200469 c 4500
003 BLK
005 20250603113925.0
008 180411b bul|||||r ||||||| ||bul||
010 _aKNG00193087000
020 _a978-954-26-1580-4
040 _aBLK
041 _aBUL
_cBUL
072 7 _2bullib
_aН15
_xПсихология Н
080 _aПсихология на детската и юношеска възраст
_b159.922.7/.8
_x(02.062)
_z159.922.7/.8(02.062)
080 _aВъзпитаване на лица, трудни за възпитаване - Възпитание на ранно развити деца, на високо надарени, разглезени, принудително възпитания на младежи, подлежащи на наказание. Вж и 343.81;343.8
_b376.5
_x(02.062)
_z376.5(02.062)
080 _aВъзпитание у дома. Семейно възпитание
_b37.018.1
_x(02.062)
_z37.018.1(02.062)
080 _aОтбягване. Неприятелство. Агресия. Насилие
_b316.647.3
_x-053.5/.6
_z316.647.3-053.5/.6
100 1 _aГрийн, Рос
_eпърви автор
_9343424
139 _aГрийн, Рос
_bГ 82
245 1 0 _aИзбухливото дете
_bНов възпитателен подход към непокорните и раздразнителни деца
_cРос Грийн; прев. от англ. Евелина Огнянова Андонова.
257 _aUSA
260 _aПловдив
_bХермес
_c2016
_fСофия : Алианс принт
300 _a256 с.
_c20 см
380 _a3
490 _aПсихология за всеки ден
500 _aОриг. загл. The Explosive Child / Ross W. Greene. - За автора. - Библиогр. с. 253-254.
650 4 _aДетска и педагогическа психология - популярна литература
_9291999
650 4 _aСемейно възпитание
_9263959
650 4 _aАгресия - при децата
_9259475
653 _aдетска психология
653 _aсемейно възпитание
653 _aпедагогическа психология
659 _aН
700 _aАндонова, Евелина Огнянова
_9303278
852 _aЦб 282722
856 4 _qpdf
856 4 _qpdf
942 _cKNG
_n0
_015
944 _aCR
_c14.10.2016
_lМинев Младен
_k30530
944 _aED
_c05.04.2017
_lф /
_kПенка_Димитрова
999 _c184135
_d184135
999 _d184135